| 000 | 00900nam a2200325Ia 4500 | ||
|---|---|---|---|
| 001 | Z_6420 | ||
| 003 | CHAP | ||
| 008 | 220113s1988 xx 000 0 und d | ||
| 010 | _a169678 | ||
| 020 | _a0-672-22563-8 | ||
| 040 | _cCHAP | ||
| 082 | _a001.6424 S56 | ||
| 100 |
_aSimpson, Alan, 1953- _9144728 |
||
| 245 |
_aThe best book of lotus 1-2-3 / _cAlan Simpson |
||
| 250 | _a2a ed. | ||
| 260 |
_aEstados Unidos de América : _bHoward W. Sams and Company, _c1988 |
||
| 300 | _a336 p. | ||
| 500 | _a5a reimpresión 1988 | ||
| 503 | _aej.1: 145279 | ||
| 504 | _aIncluye bibliografía e índice | ||
| 650 |
_aLenguaje de programación _9140576 |
||
| 650 |
_aLotus 1 _x2 _x3 (Programa para computadora) _9144729 |
||
| 650 |
_aNegocios _x _x Programas para computadora _9144730 |
||
| 901 | _a001.6424 S56 | ||
| 902 | _aM | ||
| 910 | _a1988 | ||
| 942 | _c1 | ||
| 942 | _cc1 | ||
| 999 |
_c169678 _d169678 |
||